00724cam a22002417a 4500003000500000005001700005008004100022010000900063011000900072035000900081040000900090082001600099100001500115245008700130260003500217300002000252490005000272650005600322650002000378700001900398700001500417830005000432CHAP20220817041127.0980825d1970 ar r 00110 spa d a7013 a7985 a7210 cCHAP04a519.92bK3Y00aKay Harry.13aLa técnica de la instruccion programadac/por Harry Kay, Bernard Dodd y Max Sime aBuenos Aires :bPaidos,c1970. a234 p. :bilus. 0aBiblioteca del Ecuador contemporáneov; 12014aProcesamiento automático de datos en educación.14aProgramación.0 aDodd, Bernard.0 aSime, Max.00aBiblioteca del Ecuador contemporáneov; 120